[Event "Mazowiec-chT op 1819"]
[Site "Warsaw"]
[Date "2019.02.17"]
[Round "7.3"]
[White "Banasiak, Adam"]
[Black "Czarnomski, Dominik"]
[Result "0-1"]
[WhiteElo "1435"]
[BlackElo "1492"]
[PlyCount "66"]
[EventDate "2018.12.02"]
[EventType "team-swiss"]
[EventRounds "10"]
[EventCountry "POL"]
[SourceTitle "EXT 2020"]
[Source "ChessBase"]
[SourceDate "2019.10.17"]
[SourceVersion "1"]
[SourceVersionDate "2019.10.17"]
[SourceQuality "1"]

1. e4 e6 2. d4 d5 3. Nc3 Nf6 4. e5 Nfd7 5. Nf3 c5 6. Ne2 cxd4 7. Nexd4 Nc6 8. c3 Ndxe5 9. Nxe5 Nxe5 10. Bb5+ Bd7 11. Qe2 Nc6 12. Nf3 Bd6 13. 0-0 Qc7 14. Rd1 0-0 15. Bd3 h6 16. Bc2 Rac8 17. g3 Ne7 18. Nh4 e5 19. Qh5 e4 20. Bb3 Be6 21. Rf1 Qd7 22. Bd1 Nf5 23. Bg4 g6 24. Nxg6 fxg6 25. Qxg6+ Ng7 26. Bxh6 Bxg4 27. Bxg7 Qxg7 28. Qxd6 Rcd8 29. Qc5 b6 30. Qe3 Rf3 31. Qd2 Qf6 32. Rac1 Rd3 33. Qc2 Qf3 0-1

[Event "Mazowiec-chT op 1718"]
[Site "Warsaw"]
[Date "2018.02.18"]
[Round "8.3"]
[White "Czarnomski, Dominik"]
[Black "Kurkowski, Zbigniew"]
[Result "1-0"]
[WhiteElo "1557"]
[BlackElo "2009"]
[PlyCount "133"]
[EventDate "2017.12.03"]
[EventType "team-swiss"]
[EventRounds "10"]
[EventCountry "POL"]
[SourceTitle "EXT 2020"]
[Source "ChessBase"]
[SourceDate "2019.10.17"]
[SourceVersion "1"]
[SourceVersionDate "2019.10.17"]
[SourceQuality "1"]

1. c4 e5 2. g3 Nf6 3. Bg2 Nc6 4. Nc3 Bb4 5. Nd5 Nxd5 6. cxd5 Nd4 7. e3 0-0 8. a3 Ba5 9. b4 Bb6 10. exd4 exd4 11. d3 Re8+ 12. Ne2 Qe7 13. Bf3 Qf6 14. Be4 d6 15. 0-0 Bg4 16. f3 Bd7 17. Qd2 Qe7 18. g4 g6 19. Ng3 a5 20. Qh6 f6 21. Bd2 Qg7 22. Qxg7+ Kxg7 23. bxa5 Bxa5 24. Bxa5 Rxa5 25. Rfc1 Rc8 26. Rab1 Ra7 27. Rb3 h5 28. f4 hxg4 29. Rcb1 b6 30. Ne2 Ra4 31. Rc1 b5 32. Kf2 Kf7 33. Ke1 f5 34. Bg2 Kf6 35. Kd2 g5 36. fxg5+ Kxg5 37. h3 f4 38. hxg4 Bxg4 39. Ng1 Ra7 40. Nf3+ Kf6 41. Nxd4 Rh8 42. Ke1 Ra4 43. Nf3 Rh7 44. Rb4 Rxb4 45. axb4 Re7+ 46. Kf2 Re3 47. Rd1 Re8 48. Re1 Ra8 49. Re2 Ra3 50. Re4 Ra2+ 51. Re2 Ra3 52. Re4 Ra2+ 53. Kg1 Kf5 54. Nd4+ Kg5 55. Ne6+ Kh4 56. Rxf4 Kg3 57. Rxg4+ Kxg4 58. Nxc7 Kg3 59. Bf1 Rb2 60. Nxb5 Rxb4 61. Nxd6 Kf3 62. Nc4 Rb8 63. Bg2+ Ke2 64. Be4 Rg8+ 65. Kh2 Rg7 66. d6 Kf2 67. Kh3 1-0

[Event "POL-chT U20 2nd League"]
[Site "Szczyrk"]
[Date "2017.07.26"]
[Round "6.51"]
[White "Czarnomski, Dominik"]
[Black "Armula, Karol"]
[Result "1-0"]
[WhiteElo "1547"]
[BlackElo "1462"]
[PlyCount "61"]
[EventDate "2017.07.22"]
[EventType "team-swiss"]
[EventRounds "11"]
[EventCountry "POL"]
[SourceTitle "EXT 2019"]
[Source "ChessBase"]
[SourceDate "2018.10.10"]
[SourceVersion "1"]
[SourceVersionDate "2018.10.10"]
[SourceQuality "1"]

1. f4 Nf6 2. Nf3 g6 3. e3 Bg7 4. d4 d5 5. c3 0-0 6. Bd3 Nc6 7. Nbd2 b6 8. b3 Bb7 9. Ba3 Re8 10. Qe2 e6 11. 0-0-0 a6 12. Rdg1 Ne7 13. g4 Rc8 14. g5 Nh5 15. Kb2 a5 16. Nf1 Nf5 17. Ng3 Nfxg3 18. hxg3 Bf8 19. Bxf8 Kxf8 20. g4 Ng7 21. Rxh7 c5 22. Qh2 f5 23. gxf6 Qxf6 24. g5 Qd8 25. Bxg6 cxd4 26. Nxd4 Qc7 27. Rc1 Ba6 28. Bxe8 Rxe8 29. Qh6 Bd3 30. Rh8+ Kf7 31. Qf6# 1-0

[Event "Mazowiec-chT op 1617"]
[Site "Warsaw"]
[Date "2017.01.29"]
[Round "7.3"]
[White "Czarnomski, Dominik"]
[Black "Ceglowski, Ryszard"]
[Result "0-1"]
[WhiteElo "1379"]
[BlackElo "1700"]
[PlyCount "146"]
[EventDate "2016.12.11"]
[EventType "team-swiss"]
[EventRounds "10"]
[EventCountry "POL"]
[SourceTitle "EXT 2019"]
[Source "ChessBase"]
[SourceDate "2018.10.10"]
[SourceVersion "1"]
[SourceVersionDate "2018.10.10"]
[SourceQuality "1"]

1. e4 e6 2. d4 d5 3. Nc3 Nf6 4. e5 Nfd7 5. Nce2 c5 6. c3 Nc6 7. f4 b6 8. Qa4 Qc7 9. Nf3 a5 10. Ng3 cxd4 11. Nxd4 Nxd4 12. Qxd4 Bc5 13. Qd3 0-0 14. Be3 Nxe5 15. Qd2 Ng6 16. Nh5 Qe7 17. Be2 Ba6 18. Bxc5 bxc5 19. 0-0 Bxe2 20. Qxe2 Rfd8 21. Ng3 d4 22. cxd4 Rxd4 23. f5 Nf4 24. Qb5 e5 25. f6 gxf6 26. Nf5 Qd7 27. Nxd4 Qxd4+ 28. Kh1 Rd8 29. Qxa5 Qd5 30. Rg1 Nd3 31. Qd2 Qd4 32. Rgf1 e4 33. h3 e3 34. Qe2 Nf2+ 35. Kg1 Rd5 36. Rae1 Re5 37. Qf3 Kg7 38. Re2 c4 39. Qg3+ Kf8 40. Qf3 Re4 41. Rfe1 Nd3 42. Rxe3 Rf4 43. Qg3 Nxe1 44. Qxe1 Re4 45. Kf2 Qxb2+ 46. Qe2 Qd4 47. g3 Re5 48. Kf3 c3 49. Rxe5 fxe5 50. Qc2 e4+ 51. Ke2 Ke7 52. Qb1 Qd2+ 53. Kf1 Qd3+ 54. Qxd3 exd3 55. Ke1 Kd6 56. Kd1 Kc5 57. g4 Kb4 58. g5 Ka3 59. Kc1 Kxa2 60. h4 Kb3 61. h5 d2+ 62. Kd1 Kb2 63. g6 fxg6 64. hxg6 hxg6 65. Ke2 Kc1 66. Ke3 d1Q 67. Kf4 Qd5 68. Kg4 Qc4+ 69. Kg3 Kd2 70. Kh3 c2 71. Kg3 c1Q 72. Kh3 Qh1+ 73. Kg3 Qch4# 0-1